Arbres et Anabase (notice n° 1553925)

détails MARC
000 -LEADER
fixed length control field 01668cam a2200277zu 4500
003 - CONTROL NUMBER IDENTIFIER
control field FRCYB45007917
005 - DATE AND TIME OF LATEST TRANSACTION
control field 20251020123352.0
008 - FIXED-LENGTH DATA ELEMENTS--GENERAL INFORMATION
fixed length control field 251020s2005 fr | o|||||0|0|||fre d
020 ## - INTERNATIONAL STANDARD BOOK NUMBER
International Standard Book Number 9782844502711
035 ## - SYSTEM CONTROL NUMBER
System control number FRCYB45007917
040 ## - CATALOGING SOURCE
Original cataloging agency FR-PaCSA
Language of cataloging fr
Transcribing agency
Description conventions rda
100 1# - MAIN ENTRY--PERSONAL NAME
Personal name Torabully, Khaleel
245 01 - TITLE STATEMENT
Title Arbres et Anabase
Statement of responsibility, etc. ['Torabully, Khaleel']
264 #1 - PRODUCTION, PUBLICATION, DISTRIBUTION, MANUFACTURE, AND COPYRIGHT NOTICE
Name of producer, publisher, distributor, manufacturer Ibis Rouge
Date of production, publication, distribution, manufacture, or copyright notice 2005
300 ## - PHYSICAL DESCRIPTION
Extent p.
336 ## - CONTENT TYPE
Content type code txt
Source rdacontent
337 ## - MEDIA TYPE
Media type code c
Source rdamdedia
338 ## - CARRIER TYPE
Carrier type code c
Source rdacarrier
520 ## - SUMMARY, ETC.
Summary, etc. Khal Torabully nous revient avec son dernier recueil Arbres et Anabase, un clin d'œil au texte de Saint-John Perse. Le poète réinvente l’histoire dans le nom d'une plante, autour d'un tronc, d'un fruit, dans l'art d'une cueillette. Les arbres initient une « marche vers le haut ». Ils impriment des marques, des traces de pas, des murmures, une histoire à imaginer avec les frissons de leurs noms... Le poète se laisse guider en « flaireur de signes, de semences », en « suiveur de pistes, de saisons », de « langues et d'histoires au flanc des paysages insulaires ». C'est en Guadeloupe, après une visite au Lamentin en 1999, que Khal Torabully, inspiré par l'imaginaire du lieu, a voulu redonner aux végétaux, autant porteurs de sens que porteurs de mondes, leur substance nomade. Il nous invite à explorer une autre facette de notre relation mosaïque avec l'univers qui nous entoure.
650 #0 - SUBJECT ADDED ENTRY--TOPICAL TERM
Topical term or geographic name entry element
700 0# - ADDED ENTRY--PERSONAL NAME
Personal name Torabully, Khaleel
856 40 - ELECTRONIC LOCATION AND ACCESS
Access method Cyberlibris
Uniform Resource Identifier <a href="https://international.scholarvox.com/netsen/book/45007917">https://international.scholarvox.com/netsen/book/45007917</a>
Electronic format type text/html
Host name

Pas d'exemplaire disponible.

PLUDOC

PLUDOC est la plateforme unique et centralisée de gestion des bibliothèques physiques et numériques de Guinée administré par le CEDUST. Elle est la plus grande base de données de ressources documentaires pour les Étudiants, Enseignants chercheurs et Chercheurs de Guinée.

Adresse

627 919 101/664 919 101

25 boulevard du commerce
Kaloum, Conakry, Guinée

Réseaux sociaux

Powered by Netsen Group @ 2025